NFL Stadium Cities - Statistics

General Stats
  • This quiz has been taken 38 times
  • The average score is 15 of 30
Answer Stats
Hint Answer % Correct
Empower Field at Mile High Denver, Colorado
82%
Ford Field Detroit, Michigan
82%
Lambeau Field Green Bay, Wisconsin
79%
Soldier Field Chicago, Illinois
71%
Heinz Field Pittsburgh, Pennsylvania
68%
GEHA Field at Arrowhead Stadium Kansas City, Missouri
64%
Lucas Oil Stadium Indianapolis, Indiana
61%
AT&T Stadium Arlington, Texas
57%
Metlife Stadium East Rutherford, New Jersey
57%
Caesars Superdome New Orleans, Louisiana
57%
Lincoln Financial Field Philadelphia, Pennsylvania
54%
Raymond James Stadium Tampa Bay, Florida
54%
Bank of America Stadium Charlotte, North Carolina
50%
NRG Stadium Houston, Texas
50%
M&T Bank Stadium Baltimore, Maryland
46%
Gillete Stadium Foxborough, Massachusetts
46%
SoFi Stadium Inglewood, California
46%
Nissan Stadium Nashville, Tennessee
46%
Paul Brown Stadium Cincinnati, Ohio
43%
U.S. Bank Stadium Minneapolis, Minnesota
43%
FedEx Field Landover, Maryland
39%
Hard Rock Stadium Miami Gardens, Florida
39%
Levi's Stadium Santa Clara, California
39%
Mercedes-Benz Stadium Atlanta, Georgia
36%
FirstEnergy Stadium Cleveland, Ohio
32%
TIAA Bank Field Jacksonville, Florida
32%
Allegiant Stadium Paradise, Nevada
32%
Lumen Field Seattle, Washington
32%
State Farm Stadium Glendale, Arizona
29%
Highmark Stadium Orchard Park, New York
25%
No matching quizzes found
Score Distribution
Percent of People with Each Score
Percentile by Number Answered
Your Score History
You have not taken this quiz